| 000 | 00693nam a2200229Ia 4500 | ||
|---|---|---|---|
| 003 | GCL | ||
| 005 | 20240530101818.0 | ||
| 008 | 140319s9999 xx 000 0 ara d | ||
| 040 |
_aGCL / _cGCL |
||
| 082 | 0 | 4 |
_a350 _bع د |
| 100 | 0 | _aعبدالغفور يونس | |
| 245 | 1 | 0 |
_aدراسات فى الادارة العامة / _cعبدالغفور يونس |
| 260 |
_a[S.N] : _bمؤسسة شباب الجامعة |
||
| 300 | _a583 ص | ||
| 650 | 0 | 4 | _aالادارة |
| 650 | 0 | 4 | _aالتخطيط |
| 650 | 0 | 4 | _aالادارة العامة |
| 650 | 0 | 4 | _aالقيادة الادارية |
| 650 | 0 | 4 | _aالبيروقراطية |
| 650 | 0 | 4 | _aالخدمة المدنية |
| 942 |
_2ddc _cBK |
||
| 999 |
_c27871 _d27871 |
||